The state of the banking industry : hearing before the Committee on Banking, Housing, and Urban Affairs, United States Senate, One Hundred Tenth Congress, second session, on the state of the banking industry.

Bibliographic Details
Corporate Author: United States. Congress. Senate. Committee on Banking, Housing, and Urban Affairs
Format: Government Document eBook
Language:English
Published: Washington : U.S. G.P.O., 2010-
Series:S. hrg. ; 110-959, 110-1004
Subjects:
Online Access:Electronic resource (PDF)
Electronic resource (PDF)

MARC

Tag First Indicator Second Indicator Subfields
LEADER 00000cam a22000001a 4500
001 in00004100754
005 20200117091232.0
006 m d f
007 cr bn mmmapmmp
008 100714m20109999dcuab ob f000 0 eng d
035 |a chdc201001082 
040 |a UMI  |c UMI  |d UtOrBLW 
042 |a pcc 
043 |a n-us--- 
074 |a 1035-C 
086 0 |a Y 4.B 22/3:S.HRG.110-959 
086 0 |a Y 4.B 22/3:S.HRG.110-1004 
099 |a HRG-2008-BHU-0024 (pt.1) 
110 1 |a United States.  |b Congress.  |b Senate.  |b Committee on Banking, Housing, and Urban Affairs.  |0 http://id.loc.gov/authorities/names/n81033403 
245 1 4 |a The state of the banking industry :  |b hearing before the Committee on Banking, Housing, and Urban Affairs, United States Senate, One Hundred Tenth Congress, second session, on the state of the banking industry. 
264 1 |a Washington :  |b U.S. G.P.O.,  |c 2010- 
264 2 |a Washington :  |b For sale by the Supt. of Docs., U.S. G.P.O. 
300 |a volumes :  |b illustrations, maps, digital, PDF file. 
336 |a text  |b txt  |2 rdacontent 
337 |a computer  |b c  |2 rdamedia 
338 |a online resource  |b cr  |2 rdacarrier 
490 1 |a S. hrg. ;  |v 110-959, 110-1004 
500 |a "On the current state of the U.S. banking industry"--Pt. 2. 
500 |a "Tuesday, March 4, 2008"--Pt. [1]. 
500 |a "Thursday, June 5, 2008"--Pt. 2. 
500 |a Shipping list nos.: 2010-0224-P (pt. [1]), 2010-0222-P (pt. 2). 
504 |a Includes bibliographical references. 
500 |a Record is based on bibliographic data in ProQuest Congressional Hearings Digital Collection. Reuse except for individual research requires license from ProQuest, LLC. 
500 |a Electronic resource. 
533 |a Electronic reproduction.  |b [Bethesda, Md.] :  |c ProQuest,  |d 2010.  |e digital, PDF file.  |n ProQuest U.S. Congressional Hearings Digital Collection.  |n Mode of access: World Wide Web via ProQuest website. 
538 |a System requirements: PDF reader software. 
650 0 |a Banks and banking  |z United States.  |0 http://id.loc.gov/authorities/subjects/sh85011640 
650 0 |a Banks and banking  |x State supervision  |z United States.  |0 http://id.loc.gov/authorities/subjects/sh2007101810 
776 0 8 |i Print version:   |a United States. Congress. Senate. Committee on Banking, Housing, and Urban Affairs.  |t State of the banking industry  |w 9780160856624 (pt.1)  |w 0160856620 (pt.1)  |w 9780160856853 (pt.2)  |w 016085685X (pt.2)  |w (OCoLC)609672468  |z 2010443843 
776 0 8 |i Microfiche version:   |a United States. Congress. Senate. Committee on Banking, Housing, and Urban Affairs.  |t state of the banking industry  |d [Bethesda, Md.] : ProQuest,[2010]  |o CIS 2010 S241-83 (pt.2)  |o CIS 2010 S241-67 (pt.1)  |w (ProQuest)cis01002778  
810 1 |a United States.  |b Congress.  |b Senate.  |t S. hrg. ;  |v 110-959, 110-1004.  |0 http://id.loc.gov/authorities/names/n83707917 
856 4 0 |u http://proxy.library.tamu.edu/login?url=http://search.proquest.com/congcomp/getdoc?HEARING-ID=HRG-2008-BHU-0008  |3 pt.2  |y Electronic resource (PDF)  |t 0 
856 4 0 |u http://search.proquest.com/congcomp/getdoc?HEARING-ID=HRG-2008-BHU-0024  |3 pt.1  |y Electronic resource (PDF)  |t 0 
998 |a cis01002778  
999 f f |s b7b64339-868d-3d93-a712-d55d31867e6c  |i bbcbc710-4ca4-3f99-b55d-c66fc103ec28  |t 0 
952 f f |a Texas A&M University  |b College Station  |c Electronic Resources  |d Available Online  |t 0  |e Y 4.B 22/3:S.HRG.110-1004  |h Superintendent of Documents classification 
998 f f |a Y 4.B 22/3:S.HRG.110-1004  |t 0  |l Available Online